Herbac - vlastnosti a syntéza

Gespeichert in:
Bibliographische Detailangaben
1. Verfasser: Nikipelov, Artem (Verfasst von)
Weitere Verfasser: Szolcsányi, Peter (Betreuung Doktorarbeit)
Format: Manuskript Buch
Sprache:Slowakisch
Veröffentlicht: 2021
Schlagworte:
Online-Zugang:http://is.stuba.sk/zp/portal_zp.pl?podrobnosti=152503
Tags: Tag hinzufügen
Keine Tags, Fügen Sie das erste Tag hinzu!

MARC

LEADER 00000ntm a22000003a 4500
001 stuzp83479
003 SK-STU
005 20210626210851.7
007 ta
008 150427s2015----xo-----f-mn---000-0-slo-d
040 |a STU  |b slo 
041 0 |a slo 
100 1 |a Nikipelov, Artem  |u 048140  |4 aut  |U FCHPT Ústav organickej chémie, katalýzy a petrochémie  |T FCHPT Oddelenie organickej chémie  |X 99221  |U C8140  |Y 124  |7 99221 
242 0 1 |a Herbac - synthesis and properties  |y eng 
245 1 0 |a Herbac - vlastnosti a syntéza 
260 |c 2021 
650 4 |a dihydromyrcén  |2 slo 
650 4 |a cyklizácia diénu  |2 slo 
650 4 |a kontrakcia kruhu  |2 slo 
650 4 |a Herbac  |2 slo 
650 4 |a Herbac  |2 eng 
650 4 |a dihydromyrcene  |2 eng 
650 4 |a diene cyclization  |2 eng 
650 4 |a ring contraction  |2 eng 
700 1 |a Szolcsányi, Peter  |u 048140  |k Z1  |4 ths  |U FCHPT Ústav organickej chémie, katalýzy a petrochémie  |T FCHPT Oddelenie organickej chémie  |X 3952  |U C8140  |Y 124  |7 A000003952 
856 4 |u http://is.stuba.sk/zp/portal_zp.pl?podrobnosti=152503